Statystyki dla lista państw według PKB na mieszkańca

Kliknij tutaj aby rozwiązać quiz!

Ogólne statystyki

  • Ten quiz został rozwiązany 28 razy
  • Średni wynik to 7 z 15

Statystyki odpowiedzi

pkb na mieszkańcaOdpowiedź% Poprawnych
62 606Stany Zjednoczone
96%
106 705Luksemburg
92%
64 649Szwajcaria
81%
74 356Norwegia
77%
130 475Katar
69%
100 345Singapur
62%
55 944Arabia Saudyjska
54%
56 383Holandia
54%
67 000Kuwejt
46%
60 313San Marino
46%
78 785Irlandia
31%
79 530Brunei
23%
64 216Hongkong
12%
69 382Emiraty Arabskie
0%
116 808Makau
0%

Rozkład punktacji

Percentyl według liczby udzielonych odpowiedzi

Procent ludzi z każdym wynikiem

Twoja historia wyników

Nie rozwiązałeś tego quizu